=LDR 00000nam 2200000 4500 =001 INLIS000000000045412 =005 20150127122551.0 =006 =007 =008 =020 ##$$a 978-979-22-4975-0 =035 ##$$0010-011500000000238 =040 ##$$a Ind =082 ##$$a 813.01 =090 ##$$a 813.01$bcan c.2 =100 ##$$a Canfield, Jack =245 ##$$a Chicken soup for the shoppers soul =250 ##$$a Cet.I =260 ##$$a Jakarta$bgramedia$c2009 =300 ##$$a 389 hlm$c20cm =850 ##$$a NBPDMAT =990 ##$$a 0001/BPAP-NTB/20142015